000 01023nam a22002537a 4500
003 OSt
005 20260505014715.0
008 260420b |||||||| |||| 00| 0 eng d
040 _bEnglish.
_cCvSU-CCAT Campus Library.
_erda.
050 _aUM TJ 1195
_bS65 2008
100 _aSolis, Philip Lorenz M., author.
_920548
245 _aAn improvised extended shank screwdriver :
_ba technical feasibility study /
_cPhilip Lorenz M. Solis
260 _aRosario, Cavite :
_bCavite State University-CCAT Campus,
_c2008.
300 _ax, 32 leaves :
_billustrations ;
_c28 cm
500 _aFeasibility Study (BSIT) -- Cavite State University-CCAT Campus, 2008.
504 _aIncludes bibliographical references and appendices.
546 _aIn English text
650 0 _aScrewdrivers
_920541
650 _aTool design
_920182
650 0 _aMachine-shop practice
_94085
700 _aAlvarez, Nestor M., adviser.
_95915
942 _2lcc
_cT/M/D
_hTJ 1195 S65 2008
_kUM
999 _c5191
_d5191